[Event "URU-ch (Women)"]
[Site "Montevideo"]
[Date "2024.03.29"]
[Round "6"]
[White "Costa, Milagros"]
[Black "Quevedo, Andreina"]
[Result "1/2-1/2"]
[WhiteElo "1505"]
[BlackElo "1857"]
[PlyCount "33"]
[EventDate "2024.03.24"]
[EventType "tourn"]
[EventRounds "7"]
[EventCountry "URU"]
[SourceTitle "CB14_2024"]
[SourceDate "2024.04.01"]
[SourceVersion "1"]
[SourceVersionDate "2024.04.01"]
[SourceQuality "1"]

1. e4 d6 2. d4 Nf6 3. Nc3 Nbd7 4. Nf3 e5 5. dxe5 dxe5 6. Bc4 Be7 7. 0-0 0-0 8. Re1 c6 9. a4 Qc7 10. a5 Rb8 11. Be3 b5 12. axb6 axb6 13. h3 Bb7 14. Ba6 Ra8 15. Qe2 b5 16. Bxb7 Qxb7 17. Nh4 1/2-1/2

[Event "URU-ch sf"]
[Site "Montevideo"]
[Date "2024.02.12"]
[Round "6"]
[White "Quevedo, Andreina"]
[Black "Errazola, Mauricio"]
[Result "1/2-1/2"]
[WhiteElo "1762"]
[BlackElo "1702"]
[PlyCount "115"]
[EventDate "2024.02.09"]
[EventType "swiss"]
[EventRounds "7"]
[EventCountry "URU"]
[SourceTitle "CB08_2024"]
[SourceDate "2024.02.21"]
[SourceVersion "1"]
[SourceVersionDate "2024.02.21"]
[SourceQuality "1"]

1. e4 Nf6 2. e5 Nd5 3. c4 Nb6 4. d4 d6 5. f4 dxe5 6. fxe5 Nc6 7. Be3 Bf5 8. Nc3 e6 9. Nf3 Be7 10. Be2 0-0 11. 0-0 f6 12. exf6 Bxf6 13. Kh1 Bg4 14. d5 Na5 15. Bxb6 axb6 16. Rc1 Qe7 17. a3 Rfd8 18. b4 Nc6 19. Qb3 Bxf3 20. Bxf3 Nd4 21. Qa2 Nxf3 22. Rxf3 Bxc3 23. Rfxc3 Qxb4 24. Qe2 Rxa3 25. Qxe6+ Kh8 26. Rxa3 Qxa3 27. Re1 h6 28. Qf7 c6 29. Re8+ Rxe8 30. Qxe8+ Kh7 31. Qe4+ g6 32. h3 Qd6 33. Kg1 cxd5 34. cxd5 b5 35. Kf1 Kg7 36. Ke2 Kf6 37. Kd2 g5 38. Qd4+ Kf5 39. g4+ Kg6 40. Qd3+ Kf6 41. Qxb5 Qh2+ 42. Ke1 Qg3+ 43. Kd2 Qf2+ 44. Kc1 Qe1+ 45. Kc2 Qe4+ 46. Kd2 Qf4+ 47. Kc2 Qe4+ 48. Kd2 Qf4+ 49. Kc2 Qf2+ 50. Kd1 Qg1+ 51. Kc2 Qf2+ 52. Kc1 Qg1+ 53. Kd2 Qh2+ 54. Ke1 Qe5+ 55. Kd2 Qd4+ 56. Kc2 Qf2+ 57. Kd1 Qd4+ 58. Kc2 1/2-1/2

[Event "Montevideo Duchamp Cup 7th"]
[Site "Montevideo"]
[Date "2024.02.08"]
[Round "8"]
[White "Soto, Nicolas"]
[Black "Quevedo, Andreina"]
[Result "1/2-1/2"]
[WhiteElo "1991"]
[BlackElo "1762"]
[PlyCount "89"]
[EventDate "2024.02.01"]
[EventType "swiss"]
[EventRounds "9"]
[EventCountry "URU"]
[SourceTitle "CB07_2024"]
[SourceDate "2024.02.14"]
[SourceVersion "1"]
[SourceVersionDate "2024.02.14"]
[SourceQuality "1"]

1. e4 e5 2. Nf3 Nc6 3. Bb5 a6 4. Ba4 Nf6 5. 0-0 d6 6. Bxc6+ bxc6 7. d4 exd4 8. Qxd4 c5 9. Qd3 Be7 10. c4 0-0 11. Nc3 Bb7 12. Re1 Re8 13. h3 h6 14. Bf4 Bf8 15. Rad1 Re6 16. e5 Ne8 17. exd6 Rxe1+ 18. Nxe1 Bxd6 19. Ne4 Qh4 20. Nxd6 cxd6 21. Qb3 Qe7 22. Qg3 Qe6 23. b3 Rd8 24. Be3 Qf6 25. Nd3 Kh7 26. Nf4 Nc7 27. Nh5 Qg6 28. Qxg6+ fxg6 29. Nf4 g5 30. Ne2 Ne6 31. Nc3 Kg6 32. Nd5 Kf7 33. f3 Rd7 34. Kf2 Rd8 35. g3 Rd7 36. f4 gxf4 37. gxf4 g6 38. h4 Rd8 39. Nb6 Kf6 40. Kg3 Kf5 41. Nd5 Rd7 42. Kf3 Rd8 43. Bf2 Rd7 44. Be3 Rd8 45. Rd2 1/2-1/2

[Event "Asuncion zt 2.5 (Women)"]
[Site "Asuncion"]
[Date "2023.03.09"]
[Round "7"]
[White "Mayeregger Gonzalez, Fiorella Allegra"]
[Black "Quevedo, Andreina"]
[Result "1-0"]
[WhiteElo "1420"]
[BlackElo "1790"]
[PlyCount "129"]
[EventDate "2023.03.05"]
[EventType "swiss"]
[EventRounds "9"]
[EventCountry "PAR"]
[SourceTitle "CBM 213 Extra"]
[Source "ChessBase"]
[SourceDate "2023.05.31"]
[SourceVersion "1"]
[SourceVersionDate "2023.05.31"]
[SourceQuality "1"]

1. Nf3 Nf6 2. c4 g6 3. e3 Bg7 4. Nc3 d6 5. d4 0-0 6. Be2 Nbd7 7. 0-0 e5 8. Qc2 Re8 9. d5 a5 10. b3 Nc5 11. Nd2 e4 12. Ba3 b6 13. Rac1 Qe7 14. Nb5 h5 15. h3 h4 16. Bb2 g5 17. Bc3 Bf5 18. Nd4 Bg6 19. Nc6 Qf8 20. Qb2 Ncd7 21. Nb1 Nh5 22. Bxh5 Bxh5 23. Bxg7 Qxg7 24. Qxg7+ Kxg7 25. Nc3 Nc5 26. Nb5 Rac8 27. Nba7 Ra8 28. Nb5 Na6 29. g4 hxg3 30. fxg3 Bf3 31. Ncd4 Rh8 32. Nxf3 exf3 33. Rxf3 Rxh3 34. Rcf1 Rf8 35. Kg2 Rh6 36. Nd4 Rhh8 37. Rf5 Kg6 38. Ne6 fxe6 39. Rxf8 Rxf8 40. Rxf8 exd5 41. cxd5 Nb4 42. Rc8 Nxa2 43. Rxc7 Kf6 44. Rc6 Ke5 45. Rxb6 Nc1 46. Rb5 g4 47. Kf1 Ke4 48. Kf2 Ke5 49. Rxa5 Nxb3 50. Ra4 Kf5 51. Rf4+ Kg5 52. e4 Nc5 53. Rf5+ Kg6 54. Ke3 Nd7 55. Kf4 Nc5 56. Rg5+ Kf6 57. Rxg4 Nd3+ 58. Ke3 Ne5 59. Rf4+ Kg6 60. g4 Nc4+ 61. Kd4 Ne5 62. g5 Nd7 63. Rf5 Kg7 64. e5 dxe5+ 65. Rxe5 1-0

[Event "Asuncion zt 2.5 (Women)"]
[Site "Asuncion"]
[Date "2023.03.07"]
[Round "4"]
[White "Quevedo, Andreina"]
[Black "Oviedo Acosta, Paula"]
[Result "1/2-1/2"]
[WhiteElo "1790"]
[BlackElo "1763"]
[PlyCount "89"]
[EventDate "2023.03.05"]
[EventType "swiss"]
[EventRounds "9"]
[EventCountry "PAR"]
[SourceTitle "CBM 213 Extra"]
[Source "ChessBase"]
[SourceDate "2023.05.31"]
[SourceVersion "1"]
[SourceVersionDate "2023.05.31"]
[SourceQuality "1"]

1. e4 c5 2. Nf3 e6 3. c4 Nc6 4. d4 cxd4 5. Nxd4 Nf6 6. Nc3 Bb4 7. Nxc6 bxc6 8. Bd3 e5 9. 0-0 0-0 10. h3 Bc5 11. Bg5 h6 12. Bh4 Qe7 13. Kh1 g5 14. Bg3 d6 15. Be2 Be6 16. Rc1 a5 17. f3 Nh5 18. Bf2 Ba7 19. Bd3 Qd7 20. g4 Nf4 21. Kh2 h5 22. Ne2 hxg4 23. hxg4 f6 24. Nxf4 gxf4 25. Qe1 Kf7 26. Bxa7 Rh8+ 27. Kg2 Bxg4 28. Bb6 Rab8 29. Rh1 Bh3+ 30. Kf2 Rxb6 31. b3 Rg8 32. Bf1 Rg3 33. Bxh3 Rxh3 34. Qxa5 Rb7 35. Qe1 Ra7 36. a4 Ra8 37. Rxh3 Qxh3 38. Qh1 Qg3+ 39. Ke2 Rg8 40. Rf1 Ke6 41. b4 Qg7 42. Qh3+ Ke7 43. Kd3 Rh8 44. Qg4 Qf7 45. Rg1 1/2-1/2

[Event "Montevideo Duchamp Cup 6th"]
[Site "Montevideo"]
[Date "2023.02.11"]
[Round "9"]
[White "Rosa, Paulo Estevao"]
[Black "Quevedo, Andreina"]
[Result "1/2-1/2"]
[WhiteElo "1884"]
[BlackElo "1811"]
[PlyCount "135"]
[EventDate "2023.02.03"]
[EventType "swiss"]
[EventRounds "9"]
[EventCountry "URU"]
[SourceTitle "CBM 212 Extra"]
[Source "ChessBase"]
[SourceDate "2023.03.31"]
[SourceVersion "1"]
[SourceVersionDate "2023.03.31"]
[SourceQuality "1"]

1. d4 Nf6 2. c4 e6 3. g3 Bb4+ 4. Bd2 Qe7 5. a3 Bxd2+ 6. Nxd2 Nc6 7. Ngf3 a5 8. Bg2 0-0 9. 0-0 d6 10. e4 e5 11. d5 Nb8 12. b4 b6 13. Qc2 Na6 14. Qc3 a4 15. Ne1 Ne8 16. f4 f6 17. Nd3 Bd7 18. Rf2 g6 19. Raf1 Ng7 20. b5 Nc5 21. fxe5 dxe5 22. Nxc5 Qxc5 23. Nb1 Ne8 24. Kh1 Kg7 25. Rc2 Nd6 26. Rb2 Nxc4 27. Rb4 Bxb5 28. Rc1 Ra5 29. Bf1 Nd6 30. Qxc5 bxc5 31. Rxc5 Bxf1 32. Rxa5 Bd3 33. Nc3 f5 34. exf5 gxf5 35. Rc5 Rf7 36. Rxa4 e4 37. Nd1 Kf6 38. Ne3 Kg5 39. Ra7 Ne8 40. Rc6 Bb5 41. Rc5 Bd3 42. h4+ Kf6 43. Nxf5 Kxf5 44. d6+ Ke6 45. dxc7 Nxc7 46. Rcxc7 Rf2 47. Rxh7 Kd5 48. Rad7+ Kc4 49. Kg1 Ra2 50. Rhe7 Rxa3 51. Kf2 Ra2+ 52. Ke1 Ra1+ 53. Kf2 Ra2+ 54. Ke3 Re2+ 55. Kf4 Rf2+ 56. Kg5 Rf3 57. Kg4 Rf2 58. h5 e3 59. Rxd3 Kxd3 60. h6 Rh2 61. Kg5 e2 62. g4 Rh1 63. Kg6 e1Q 64. Rxe1 Rxe1 65. g5 Ke4 66. Kf6 Rh1 67. Kg7 Kf5 68. h7 1/2-1/2

[Event "Montevideo Trebejos 50 Anniv op"]
[Site "Montevideo"]
[Date "2022.09.19"]
[Round "3"]
[White "Quevedo, Andreina"]
[Black "Ressia, Lorenzo"]
[Result "1/2-1/2"]
[WhiteElo "1838"]
[BlackElo "1659"]
[PlyCount "89"]
[EventDate "2022.09.17"]
[EventType "swiss"]
[EventRounds "9"]
[EventCountry "URU"]
[SourceTitle "EXT 2023"]
[Source "ChessBase"]
[SourceDate "2022.10.05"]
[SourceVersion "1"]
[SourceVersionDate "2022.10.05"]
[SourceQuality "1"]

1. e4 c6 2. d4 d5 3. exd5 cxd5 4. Bd3 Nc6 5. c3 Qc7 6. Nf3 Bg4 7. 0-0 e6 8. Nbd2 Bd6 9. h3 Bh5 10. Re1 Nge7 11. a4 Bg6 12. Nf1 0-0 13. g3 Rad8 14. Kg2 Bxd3 15. Qxd3 Ng6 16. h4 h6 17. h5 Nge7 18. Ne3 f6 19. Nh4 e5 20. Nef5 e4 21. Qe2 Nxf5 22. Nxf5 Ne7 23. Qg4 Nxf5 24. Qxf5 Qf7 25. Bd2 Bc7 26. Ra3 Qd7 27. g4 Qd6 28. Rh1 Rde8 29. Be3 Re7 30. a5 a6 31. b4 Qe6 32. Raa1 Bb8 33. Rab1 Rc8 34. Bd2 Rd8 35. b5 axb5 36. Rxb5 Qc6 37. Rhb1 Qd6 38. Rh1 Qc6 39. Rc5 Qd6 40. Qg6 e3 41. Bxe3 Rxe3 42. fxe3 Qg3+ 43. Kf1 Qf3+ 44. Kg1 Qg3+ 45. Kf1 1/2-1/2

[Event "Olympiad Women-44"]
[Site "Chennai"]
[Date "2022.08.08"]
[Round "10.1"]
[White "Pipiras, Filipa Fortuna"]
[Black "Quevedo, Andreina"]
[Result "1-0"]
[WhiteElo "2139"]
[BlackElo "1841"]
[PlyCount "89"]
[EventDate "2022.07.29"]
[EventType "team-swiss"]
[EventRounds "11"]
[EventCountry "IND"]
[SourceTitle "CBM 210"]
[Source "ChessBase"]
[SourceDate "2022.10.31"]
[SourceVersion "1"]
[SourceVersionDate "2022.10.31"]
[SourceQuality "1"]
[WhiteTeam "Portugal (W)"]
[BlackTeam "Uruguay (W)"]
[WhiteTeamCountry "POR"]
[BlackTeamCountry "URU"]

1. d4 Nf6 2. c4 e6 3. Nc3 Bb4 4. Qc2 Nc6 5. Nf3 d6 6. Bd2 0-0 7. a3 Bxc3 8. Bxc3 Re8 9. e3 a5 10. Be2 e5 11. dxe5 dxe5 12. 0-0 Bg4 13. b4 axb4 14. axb4 Rxa1 15. Rxa1 e4 16. Nd4 Ne5 17. Bf1 Bh5 18. Ra7 Qb8 19. Ra5 Nfd7 20. Ne2 f5 21. Ng3 Bg6 22. h4 b6 23. Ra1 Nf6 24. Qb2 c6 25. Ra6 Qc8 26. Qa1 Nfg4 27. Be2 h5 28. Bxe5 Nxe5 29. Bxh5 Bxh5 30. Nxh5 Qd8 31. g3 g6 32. Nf4 Qf6 33. Kg2 g5 34. hxg5 Qxg5 35. Ra8 Rxa8 36. Qxa8+ Kf7 37. Qb7+ Kf6 38. Qxb6 Qg4 39. Qd8+ Kg7 40. Qd4 Qf3+ 41. Kg1 Kf6 42. Qd6+ Kg5 43. Qxe5 Qd1+ 44. Kh2 Kg4 45. Ng2 1-0

[Event "Online Olym Div2 D"]
[Site "Chess.com INT"]
[Date "2021.09.03"]
[Round "4.4"]
[White "Patino Garcia, Corals"]
[Black "Quevedo, Andreina"]
[Result "1/2-1/2"]
[WhiteElo "1916"]
[BlackElo "1867"]
[PlyCount "90"]
[EventDate "2021.09.02"]
[EventType "team (rapid)"]
[EventRounds "9"]
[EventCountry "USA"]
[SourceTitle "CBM 204 Extra"]
[Source "ChessBase"]
[SourceDate "2021.11.30"]
[SourceVersion "1"]
[SourceVersionDate "2021.11.30"]
[SourceQuality "1"]
[WhiteTeam "Venezuela"]
[BlackTeam "Uruguay"]
[WhiteTeamCountry "VEN"]
[BlackTeamCountry "URU"]

1. d4 Nf6 2. Bf4 g6 3. Nc3 Bg7 4. e4 d6 5. Qd2 0-0 6. 0-0-0 c6 7. h4 Qa5 8. f3 b5 9. Bh6 Bxh6 10. Qxh6 Be6 11. h5 b4 12. hxg6 fxg6 13. Nb1 Bxa2 14. Nh3 Qh5 15. Qd2 Qa5 16. g4 Nbd7 17. Qh6 Rf7 18. Ng5 Rg7 19. Rh2 Qb6 20. b3 Bxb1 21. Kxb1 a5 22. Ne6 Rf7 23. g5 Nh5 24. Bc4 d5 25. exd5 cxd5 26. Bxd5 Qd6 27. Bxa8 Qxh2 28. Bd5 Nb6 29. Nd8 Nxd5 30. Nxf7 Nc3+ 31. Kc1 Nxd1 32. Kxd1 Qh1+ 33. Kd2 Qxf3 34. Ne5 Qc3+ 35. Kc1 Qa1+ 36. Kd2 Qxd4+ 37. Nd3 Ng3 38. Qh3 Nf5 39. Qf3 Qc3+ 40. Kd1 Nd4 41. Qd5+ Kf8 42. Qd8+ Kf7 43. Qd5+ Kf8 44. Qd8+ Kf7 45. Qd5+ Kf8 1/2-1/2

[Event "URU-ch (Women) playoff"]
[Site "Montevideo"]
[Date "2021.03.17"]
[Round "2"]
[White "Quevedo, Andreina"]
[Black "Silva Rosas, Natalia"]
[Result "1-0"]
[WhiteElo "1867"]
[BlackElo "1771"]
[PlyCount "91"]
[EventDate "2021.03.16"]
[EventType "match"]
[EventRounds "2"]
[EventCountry "URU"]
[SourceTitle "CBM 201 Extra"]
[Source "ChessBase"]
[SourceDate "2021.05.31"]
[SourceVersion "1"]
[SourceVersionDate "2021.05.31"]
[SourceQuality "1"]

1. e4 c5 2. Nf3 Nc6 3. d4 cxd4 4. Nxd4 e5 5. Nb5 a6 6. Nd6+ Bxd6 7. Qxd6 Qf6 8. Qd1 Qg6 9. Nc3 Nge7 10. Be3 d5 11. exd5 Nb4 12. Bd3 Nxd3+ 13. Qxd3 Bf5 14. Qd2 Bxc2 15. 0-0 Bf5 16. Kh1 0-0 17. Bc5 Rfe8 18. f3 Rad8 19. d6 b6 20. Ba3 b5 21. Rac1 Be6 22. Rfd1 f5 23. Qf2 Nc8 24. Qc5 Qf6 25. Rd2 Ne7 26. Rcd1 Ng6 27. Nd5 Qf7 28. Nc7 Rf8 29. Nxa6 e4 30. fxe4 fxe4 31. Qg1 Bxa2 32. d7 e3 33. Re2 Bb3 34. Rde1 Be6 35. Bxf8 Nxf8 36. Nc5 Bxd7 37. Nxd7 Nxd7 38. Rxe3 Nf6 39. Re7 Qh5 40. Qa7 Qh6 41. h3 Qg6 42. Qb6 Rf8 43. Qxb5 Qg3 44. Qe5 Qg6 45. b4 Ng4 46. hxg4 1-0

[Event "URU-ch (Women) Hybrid"]
[Site "Montevideo"]
[Date "2021.03.05"]
[Round "2"]
[White "Silva Rosas, Natalia"]
[Black "Quevedo, Andreina"]
[Result "1/2-1/2"]
[WhiteElo "1771"]
[BlackElo "1867"]
[PlyCount "120"]
[EventDate "2021.03.04"]
[EventType "tourn"]
[EventRounds "7"]
[EventCountry "URU"]
[SourceTitle "CBM 201 Extra"]
[Source "ChessBase"]
[SourceDate "2021.05.31"]
[SourceVersion "1"]
[SourceVersionDate "2021.05.31"]
[SourceQuality "1"]

1. b3 d5 2. Bb2 c5 3. e3 Nc6 4. Bb5 Nf6 5. Nf3 a6 6. Bxc6+ bxc6 7. Ne5 Qc7 8. f4 e6 9. 0-0 Bd6 10. Rf3 0-0 11. Rh3 Bxe5 12. Bxe5 Qe7 13. Rg3 Kh8 14. Nc3 Ne8 15. Qh5 f6 16. Rh3 h6 17. Qh4 Qf7 18. Ne2 fxe5 19. fxe5 Ra7 20. Nf4 Kh7 21. Rg3 Qf5 22. Nd3 g5 23. Qa4 Raf7 24. Rf3 Qg6 25. Rxf7+ Qxf7 26. Qxc6 Bb7 27. Qxc5 Ng7 28. Qd4 Nf5 29. Qg4 Ne7 30. h4 gxh4 31. Qxh4 Ng6 32. Qd4 Qc7 33. Nc5 Bc8 34. Nd3 Rf7 35. c4 dxc4 36. Rc1 Qa5 37. Rxc4 Rd7 38. Qe4 Bb7 39. Qg4 Rxd3 40. Qxe6 Qxe5 41. Qf7+ Qg7 42. Qxg7+ Kxg7 43. Rc7+ Kg8 44. Rxb7 Rxd2 45. a4 Re2 46. Rb6 Kg7 47. Rxa6 Rxe3 48. b4 Ne7 49. Kf2 Rb3 50. b5 Nd5 51. Ra7+ Kg6 52. Rd7 Nc3 53. Rd6+ Kg5 54. Ra6 Rb4 55. b6 Nxa4 56. b7 Rxb7 57. Rxa4 Rb3 58. g3 h5 59. Kg2 Rc3 60. Kh3 Rc5 1/2-1/2